|
|
|
|
| LEADER |
01807nam a22003734a 4500 |
| 001 |
36430 |
| 003 |
BD-DhAAL |
| 005 |
20211129104251.0 |
| 008 |
191023t20102009njua b 001 0 eng |
| 999 |
|
|
|c 41605
|d 41605
|
| 010 |
|
|
|a 2009442065
|
| 020 |
|
|
|a 0137016638
|
| 020 |
|
|
|a 9780137016631
|
| 040 |
|
|
|a DLC
|c DLC
|d DLC
|d BD-DhAAL
|
| 043 |
|
|
|a n-us---
|
| 050 |
0 |
0 |
|a HG2040.5.U5
|b Z364 2009
|
| 082 |
0 |
0 |
|a 332.7220973
|2 22
|
| 100 |
1 |
|
|a Zandi, Mark M.
|9 36441
|
| 245 |
1 |
0 |
|a Financial shock :
|b global panic and government bailouts : how we got here and what must be done to fix it /
|c Mark Zandi.
|
| 250 |
|
|
|a Updated edition
|
| 260 |
|
|
|a Upper Saddle River, NJ :
|b Pearson Education,
|c 2010
|
| 300 |
|
|
|a 293 pages :
|b illustrations ;
|c 21 cm.
|
| 504 |
|
|
|a Includes bibliographical references and index.
|
| 505 |
0 |
|
|a Subprime précis -- Sizing up subprime -- Everyone should own a home -- Chairman Greenspan counts on housing -- Global money men want a piece -- Bad lenders drive out the good -- Financial engineers and their creations -- Home builders run aground -- As the regulatory cycle turns -- Boom, bubble, bust, and crash -- Credit crunch -- Timid policymakers turn bold -- Economic fallout -- Back to the future.
|
| 526 |
|
|
|a BBS
|
| 541 |
|
|
|a Karim International
|e 36430
|
| 650 |
|
0 |
|a Subprime mortgage loans
|z United States.
|9 36442
|
| 650 |
|
0 |
|a Housing
|z United States
|x Finance.
|9 36443
|
| 650 |
|
0 |
|a Bailouts (Government policy)
|9 36444
|
| 650 |
|
0 |
|a Finance
|9 36465
|
| 650 |
|
0 |
|a Business & finance
|9 43277
|
| 852 |
|
|
|a Ayesha Abed Library
|c General Stacks
|
| 942 |
|
|
|2 ddc
|c BK
|
| 952 |
|
|
|0 0
|1 0
|2 ddc
|4 0
|6 332_722097300000000_ZAN
|7 0
|9 66794
|a BRACUL
|b BRACUL
|c GEN
|d 2019-10-17
|e Karim International
|g 2300.00
|l 1
|m 2
|o 332.7220973 ZAN
|p 3010036430
|r 2025-11-20
|s 2025-04-17
|t 1
|v 2300.00
|w 2019-10-17
|y BK
|